Spoločenská zodpovednosť firmy Ingsteel bakalárska práca

Salvato in:
Dettagli Bibliografici
Autore principale: Bučányová, Eva
Ente Autore: Obchodná fakulta EU. Katedra marketingu
Altri autori: Chomová, Katarína, 1983-
Natura: Libro
Lingua:slovacco
Pubblicazione: Bratislava 2013
Tags: Aggiungi Tag
Nessun Tag, puoi essere il primo ad aggiungerne!!

MARC

LEADER 00000nbm a2200000 4500
001 0171149
005 20161109112019.3
041 0 |a slo 
044 |a SK 
245 1 0 |a Spoločenská zodpovednosť firmy Ingsteel  |b bakalárska práca  |c Eva Bučányová ; školiteľ: Katarína Chomová 
264 1 |a Bratislava  |c 2013 
300 |a 64 s. 
100 1 |a Bučányová, Eva 
700 1 |a Chomová, Katarína, 1983- 
710 2 |a Obchodná fakulta EU. Katedra marketingu